|
|
|
|
| LEADER |
01053cas a2200265 4500 |
| 001 |
00021005 |
| 008 |
101031s2005 bg w 000 0 eng d |
| 040 |
|
|
|a DLC
|c DLC
|d DLC
|d BD-DhAAL
|
| 082 |
0 |
0 |
|a 348.5492/046
|2 21
|
| 130 |
0 |
|
|a BLT
|
| 222 |
|
0 |
|a Bangladesh Law Times
|
| 245 |
0 |
4 |
|a The Bangladesh Law Times :
|b a monthly law journal /
|c Samarendra Nath Goswami,editor.
|
| 246 |
1 |
7 |
|a The Bangladesh Law Times.
|
| 250 |
|
|
|a 2nd ed.
|
| 260 |
|
|
|a Dhaka :
|b Bangladesh Law Times,
|c 2005
|
| 362 |
0 |
|
|a Vol.XIII,2005
|
| 500 |
|
|
|a "A journal of law reports."
|
| 500 |
|
|
|a Latest issue consulted: Vol.XIII,2005
|
| 541 |
|
|
|e 00021005
|
| 650 |
|
0 |
|a Law reports, digests, etc.
|z Bangladesh.
|
| 650 |
|
0 |
|a Law reports, digests, etc.
|z India
|z Bengal.
|
| 700 |
1 |
|
|a Goswami,Samarendra Nath
|
| 852 |
4 |
|
|a Ayesha Abed Library
|j General shelf
|
| 999 |
|
|
|c 9953
|d 9953
|
| 952 |
|
|
|0 0
|1 0
|2 ddc
|4 0
|6 348_549204600000000_BAN_2005
|7 0
|9 12928
|a BRACUL
|b BRACUL
|c REF
|d 2010-10-31
|l 2
|o 348.5492046 BAN
|p 3010021005
|r 2016-08-14
|s 2015-06-29
|t 1
|w 2010-10-31
|y 1HOUR
|